Historia mínima del neoliberalismo.

Uloženo v:
Podrobná bibliografie
Hlavní autor: Escalante Gonzalbo, Fernando (autor)
Médium: Neznámo
Vydáno: Madrid, España; México, D.F., México: Turner Publicaciones, S.L.; El Colegio de México, 2016.
Vydání:Primera edición.
Témata:
Tagy: Přidat tag
Žádné tagy, Buďte první, kdo vytvoří štítek k tomuto záznamu!

MARC

LEADER 00000 a2200000 4500
003 CL-VaPUC
005 20240327093547.0
008 240313t2016 ||||| |||| 00| 0 eng d
999 |c 443146  |d 443144 
020 |a 978-84-16354-18-4 
040 |c Pontificia Universidad Católica de Valparaíso 
082 7 |a 330.122 ESC 2016  |2 23 
100 |a Escalante Gonzalbo, Fernando  |9 486842  |e autor 
245 |a Historia mínima del neoliberalismo.  
250 |a Primera edición. 
260 |a Madrid, España;   |a México, D.F., México:   |b Turner Publicaciones, S.L.;  |b El Colegio de México,  |c 2016. 
300 |a 320 páginas.  
583 |k GC  |c 20240313 
650 |a Neoliberalismo  |x Historia   |9 887708 
942 |2 ddc  |c BK 
952 |0 0  |1 0  |2 ddc  |4 0  |6 330_122000000000000_ESC_2016  |7 0  |8 A  |9 593598  |a BIBHIS  |b BIBHIS  |d 2024-03-11  |e 3  |g 18362.00  |i 5660321  |l 1  |m 5  |o 330.122 ESC 2016  |p 5660321  |q 2025-07-11  |r 2024-11-11  |s 2024-11-11  |t 1  |v 18362.00  |w 2024-03-11  |y BK  |k HIS